Grundlagen des Marketings

Enregistré dans:
Détails bibliographiques
Auteur principal: Russell, Edward
Format: Livre
Langue:allemand
Publié: München Stiebner 2010
Sujets:
Tags: Ajouter un tag
Pas de tags, Soyez le premier à ajouter un tag!

MARC

LEADER 00000nam$a2200000$$$4500
001 0115341
005 20230220101159.3
020 |a 978-3-8307-1379-1 
041 0 |a ger 
044 |a DE 
245 1 0 |a Grundlagen des Marketings  |c Edward Russell 
264 1 |a München  |b Stiebner  |c 2010 
300 |a 191 s. 
610 2 0 |a marketing 
610 2 0 |a správanie spotrebiteľa 
610 2 0 |a produkty 
610 2 0 |a tvorba cien 
610 2 0 |a kanály odbytové 
610 2 0 |a reklama 
100 1 |a Russell, Edward